My Lost Butterfly / (Record no. 174034)

MARC details
000 -LEADER
fixed length control field 01548nam a22002657i 4500
003 - CONTROL NUMBER IDENTIFIER
control field PPAK
005 - DATE AND TIME OF LATEST TRANSACTION
control field 20190827152821.0
008 - FIXED-LENGTH DATA ELEMENTS--GENERAL INFORMATION
fixed length control field 190827s2019 my ao e o000 0beng d
020 ## - INTERNATIONAL STANDARD BOOK NUMBER
International Standard Book Number 9789674406172
Terms of availability RM38.00
Qualifying information paperback
040 ## - CATALOGING SOURCE
Original cataloging agency PPAK
Language of cataloging eng
Transcribing agency PPAK
Description conventions rda
082 04 - DEWEY DECIMAL CLASSIFICATION NUMBER
Edition number 23
Classification number 362.196994440092
090 00 - LOCALLY ASSIGNED LC-TYPE CALL NUMBER (OCLC); LOCAL CALL NUMBER (RLIN)
Classification number (OCLC) (R) ; Classification number, CALL (RLIN) (NR) 362.196994440092
Feature heading JAN
Feature heading G
100 0# - MAIN ENTRY--PERSONAL NAME
Personal name Janatul Islah Mohammad,
Titles and words associated with a name Prof., Dr.,
Relator term author.
245 10 - TITLE STATEMENT
Title My Lost Butterfly /
Statement of responsibility, etc. Janatul Islah Mohammad
264 #1 - PRODUCTION, PUBLICATION, DISTRIBUTION, MANUFACTURE, AND COPYRIGHT NOTICE
Place of production, publication, distribution, manufacture Nilai, Negeri Sembilan :
Name of producer, publisher, distributor, manufacturer PENERBIT USIM, Universiti Sains Islam Malaysia,
Date of production, publication, distribution, manufacture, or copyright notice [2019]
300 ## - PHYSICAL DESCRIPTION
Extent xvi, 164 pages :
Other physical details illustrations, photographs ;
Dimensions 21 cm
336 ## - CONTENT TYPE
Source rdacontent
Content type term text
337 ## - MEDIA TYPE
Source rdamedia
Media type term unmediated
338 ## - CARRIER TYPE
Source rdacarrier
Carrier type term volume
520 ## - SUMMARY, ETC.
Summary, etc. This book brings readers together with the author, unveiling physical, emotional, and spiritual roller coasters of a thyroid carcinoma fighter. The author has written her unexpected greatest test in her life with a thoughtful, passionate, yet well-explained description of what thyroid cancer is, through her use of plain words for layman readers, or otherwise explained more in details in the glossary section of this book. This book will give great benefit for the general public to enhance their knowledge on thyroid cancer as newly-diagnosed patients, caregivers, their families, and friends.
600 0# - SUBJECT ADDED ENTRY--PERSONAL NAME
Personal name Janatul Islah Mohammad,
Form subdivision Anecdotes
650 10 - SUBJECT ADDED ENTRY--TOPICAL TERM
Topical term or geographic name entry element Thyroid gland
Form subdivision Cancer
General subdivision Patients
-- Biography
-- Anecdotes
Geographic subdivision Malaysia
Topical term or geographic name entry element Thyroid gland
Form subdivision Cancer
General subdivision Biography
-- Anecdotes
942 ## - ADDED ENTRY ELEMENTS (KOHA)
Source of classification or shelving scheme Dewey Decimal Classification
Koha item type Book
Holdings
Withdrawn Not for loan Current library Shelving location Date acquired Full call number Barcode Date last seen Koha item type
    Perpustakaan Alor Setar Pinjaman Dewasa 25/09/2019 362.196994440092 JAN A01615451 25/09/2019 Book
    Perpustakaan Awam Sungai Petani Pinjaman Dewasa 25/09/2019 362.196994440092 JAN A01615452 25/09/2019 Book
    Perpustakaan Kulim Pinjaman Dewasa 25/09/2019 362.196994440092 JAN A01615453 25/09/2019 Book